Ceramica y vidrio (Record no. 42660)

MARC details
000 -LEADER
campo de control de longitud fija 00946nam a2200205 i 4500
001 - NÚMERO DE CONTROL
campo de control 42660
003 - IDENTIFICADOR DE NÚMERO DE CONTROL
campo de control ES-MaACL
005 - FECHA Y HORA DE LA ÚLTIMA TRANSACCIÓN
campo de control 20250902073147.0
007 - CAMPO FIJO DE DESCRIPCIÓN FÍSICA--INFORMACIÓN GENERAL
campo de control de longitud fija t|
008 - DATOS DE LONGITUD FIJA--INFORMACIÓN GENERAL
campo de control de longitud fija 200220s1968 sp ||||1| spa d
245 00 - MENCIÓN DEL TÍTULO
Título Ceramica y vidrio
Resto del título : Reglamentaciones nacionales de trabajo de ceramica, tejas y ladrillos y vidrio. Modificaciones y aclaraciones al dia. Convenios colectivos sindicales. Nuevos salrios minimos y bases de cotizacion. Estatutos de la Mutualidad Laboral y nuevo regimen de Seguridad Social.
260 ## - PUBLICACIÓN, DISTRIBUCIÓN, ETC.
Lugar de publicación, distribución, etc. Madrid :
Nombre del editor, distribuidor, etc. García Enciso,
Fecha de publicación, distribución, etc. 1968.
300 ## - DESCRIPCIÓN FÍSICA
Extensión 286 p. ;
Dimensiones 16 cm.
490 1# - MENCIÓN DE SERIE
Mención de serie Colección "Garcia Enciso"
650 #4 - PUNTO DE ACCESO ADICIONAL DE MATERIA--TÉRMINO DE MATERIA
Término de materia o nombre geográfico como elemento de entrada Trabajadores de la industria cerámica-
Subdivisión de forma Estatuto jurídico-
Subdivisión geográfica España.
9 (RLIN) 169660
650 #4 - PUNTO DE ACCESO ADICIONAL DE MATERIA--TÉRMINO DE MATERIA
Término de materia o nombre geográfico como elemento de entrada Trabajadores de la industria del vidrio-
Subdivisión general Estatuto jurídico-
Subdivisión geográfica España.
9 (RLIN) 169661
830 00 - PUNTO DE ACCESO ADICIONAL DE SERIE-TÍTULO UNIFORME
Título uniforme Colección "García Enciso"
9 (RLIN) 176884
852 ## - LOCALIZACIÓN
Ubicación ES-MaACL
Número de control de estantería P-1332-26
Holdings
Estatus retirado Estado de pérdida Estado de daño No para préstamo Biblioteca de origen Biblioteca actual Ubicación en estantería Fecha de adquisición Fuente de adquisición Total de préstamos Signatura topográfica completa Código de barras Visto por última vez Precio de reemplazo Tipo de ítem Koha
        Biblioteca del Ateneo de Madrid Biblioteca del Ateneo de Madrid Depósito 2 10/05/2005     P-1332-26 1201579 23/02/2023 23/02/2023 Libro impreso